000 nam a22 a 4500
999 _c1174
_d1174
003 AKMAL
005 20170508145752.0
008 170508s1999 my 00 may d
020 _a9971844605 (kkt.):
_cRM6.00
040 _aAKMAL
_cAKMAL
082 _a297.4 HAK
090 0 0 _a297.4
_bHAK
245 0 0 _aAjarilah anak anda berdoa /
_csusunan H.Luqman Hakim
260 _aJohor Bahru :
_bPerniagaan Jahabersa,
_c1999
300 0 0 _a105ms. ;
_c22cm
500 _aMengandungi ayat-ayat dari Quran
650 0 _aIslam
_vPrayers and devotions
_91608
650 0 _aChildren
_xPrayer-books and devotions
_92231
700 0 _aLuqman Hakim
_92379
942 _2ddc
_cBOOK